000 00376nam a22001457a 4500
003 OSt
020 _aNA
040 _c0
082 _222
_a005.758
100 _aWildermuth, Shawn.
245 _aPragmatic ADO Net :
_bdata access for the Internet world /
260 _aCanada,
_bMicrosoft Net Development Series,
_cc2003.
300 _axvii, 357 p. ;
_bill. ;
942 _2ddc
_cMATHS
999 _c4382
_d4382